000 00354nam a2200157Ia 4500
008 151213s9999 xx 000 0 und d
100 _aMr. Biswas
245 _aV.S. Naipaul
_cMr. Biswas
250 _a1 st
260 _aU . K.
_bPenguin
_c1961
300 _a4161 p.
650 _aEnglish
650 _aEnglish
700 _aMr. Biswas
999 _c2587
_d2587